[Event "Tournament 14471 - Europe Echecs"]
[Site "Europe Echecs"]
[Date "2020.07.09"]
[Round "1"]
[Time "14:05:03"]
[PlyCount "68"]
[White "OkhanianGiorgi"]
[Black "DygasArthur"]
[WhiteElo "1490"]
[BlackElo "1143"]
[Mode "WEB"]
[Result "1-0"]

1. e4 c5 2. Nf3 d6 3. d4 cxd4 4. Nxd4 Nf6 5. Nc3 g6 6. Be3 Bg7 7. f3 O-O 8. Qd2
Nc6 9. O-O-O Bd7 10. h4 h5 11. Be2 Rc8 12. Kb1 Qa5 13. Nxc6 Rxc6 14. Nd5 Nxd5
15. Qxa5 Nxe3 16. Rd2 Nxg2 17. Bb5 Rc5 18. c4 Ne3 19. Qa3 Bh6 20. Rd3 Bxb5 21.
cxb5 Rxb5 22. Rxe3 Bxe3 23. Qxe3 a5 24. Rc1 a4 25. Rc4 Ra8 26. Qa3 Rba5 27. Rc7
b5 28. Rxe7 Rd8 29. Qb4 Raa8 30. Qxb5 a3 31. b3 Kf8 32. Qb7 Kg7 33. Rxf7+ Kh6
34. Rh7# {DygasArthur est échec et mat} 1-0

[Event "Tournament 14471 - Europe Echecs"]
[Site "Europe Echecs"]
[Date "2020.07.09"]
[Round "1"]
[Time "14:05:03"]
[PlyCount "85"]
[White "FoleyDaniel"]
[Black "GuichonPaul"]
[WhiteElo "1140"]
[BlackElo "1486"]
[Mode "WEB"]
[Result "0-1"]

1. e4 g6 2. Nf3 c6 3. Bc4 d5 4. exd5 cxd5 5. Bb5+ Bd7 6. Nc3 Bxb5 7. Nxb5 Nc6 8.
Nc3 Bg7 9. O-O Nf6 10. d3 O-O 11. Bg5 h6 12. Bh4 Qd7 13. Bg3 a6 14. Re1 b5 15.
b3 Nh5 16. Bh4 Bxc3 17. Re3 Bxa1 18. Qxa1 d4 19. Nxd4 Qxd4 20. Qe1 Nf6 21. c3
Qxh4 22. g3 Qh3 23. g4 Qxg4+ 24. Rg3 Qe6 25. Qd2 Kh7 26. d4 Ne4 27. Qd3 Nxg3 28.
Qxg3 Qe1+ 29. Kg2 Qe4+ 30. Kg1 Rac8 31. f3 Nxd4 32. fxe4 Ne2+ 33. Kf2 Nxg3 34.
hxg3 Rxc3 35. Kg2 e5 36. Kh3 Rc2 37. a4 bxa4 38. bxa4 Ra2 39. Kh4 f5 40. g4 fxg4
41. Kxg4 Ra3 42. a5 Rf4# {FoleyDaniel est échec et mat} 0-1

[Event "Tournament 14471 - Europe Echecs"]
[Site "Europe Echecs"]
[Date "2020.07.09"]
[Round "1"]
[Time "14:05:03"]
[PlyCount "101"]
[White "MoellerJoshua"]
[Black "MohamedKeziah"]
[WhiteElo "1486"]
[BlackElo "1139"]
[Mode "WEB"]
[Result "1/2-1/2"]

1. d4 d5 2. c4 e6 3. Nc3 Nf6 4. cxd5 exd5 5. Bg5 Be7 6. e3 h6 7. Bh4 O-O 8. Bd3
Nbd7 9. Qc2 b6 10. f3 Bb7 11. Nge2 c5 12. O-O Rc8 13. Bf2 Re8 14. Ng3 Bf8 15.
Bb5 a6 16. Bxd7 Qxd7 17. dxc5 bxc5 18. Rad1 Qc6 19. Qa4 Qxa4 20. Nxa4 c4 21. a3
Bc6 22. Nc3 Red8 23. e4 dxe4 24. Ngxe4 Nxe4 25. fxe4 Re8 26. Rfe1 Re5 27. Bg3
Re6 28. Re2 Rce8 29. Rde1 g6 30. Kf2 Bg7 31. Kf3 f5 32. Kf2 Bxc3 33. bxc3 Rxe4
34. Re3 Rxe3 35. Rxe3 Rxe3 36. Kxe3 Bxg2 37. Kd4 Kf7 38. Kxc4 Ke7 39. Kd4 Ke6
40. c4 g5 41. Be5 Bc6 42. c5 g4 43. Bf4 h5 44. Kc4 a5 45. Kd4 h4 46. Kc4 h3 47.
Kd4 Bb7 48. Be5 Bc6 49. Bf4 Bb7 50. Be5 Bc6 {Nulle par accord mutuel} 1/2-1/2

[Event "Tournament 14471 - Europe Echecs"]
[Site "Europe Echecs"]
[Date "2020.07.09"]
[Round "1"]
[Time "14:05:03"]
[PlyCount "64"]
[White "MorenoChabotCl"]
[Black "DebiasSaidAdri"]
[WhiteElo "1476"]
[BlackElo "1125"]
[Mode "WEB"]
[Result "1-0"]

1. d4 c6 2. c4 d5 3. Nc3 Qb6 4. cxd5 cxd5 5. Nxd5 Qa5+ 6. Nc3 Bg4 7. Qa4+ Qxa4
8. Nxa4 Nc6 9. e3 e6 10. Bd2 Nf6 11. Be2 Bxe2 12. Nxe2 Ne4 13. a3 Nxd2 14. Kxd2
Bd6 15. Rac1 Na5 16. Kd3 O-O 17. Nc5 Rfc8 18. b4 Bxc5 19. dxc5 Nc6 20. Kc3 Rc7
21. Rhd1 Rac8 22. Kb3 a5 23. Nc3 axb4 24. axb4 Ne5 25. h3 Rc6 26. Nb5 Ra6 27.
Nd6 Rd8 28. Nxb7 Rd3+ 29. Rxd3 Nxd3 30. Rd1 Nxc5+ 31. Nxc5 h6 32. Nxa6 {DebiasSaidAdri a abandonné} 1-0

[Event "Tournament 14471 - Europe Echecs"]
[Site "Europe Echecs"]
[Date "2020.07.09"]
[Round "1"]
[Time "14:05:03"]
[PlyCount "45"]
[White "TrogerEmma"]
[Black "PorsoughyanEri"]
[WhiteElo "1122"]
[BlackElo "1474"]
[Mode "WEB"]
[Result "0-1"]

1. d4 e6 2. Bf4 d5 3. e3 Nf6 4. h3 Bd6 5. Bd3 Bxf4 6. exf4 Nbd7 7. Nf3 c5 8. O-O
O-O 9. c3 b6 10. Qc2 c4 11. Be2 Re8 12. b3 b5 13. bxc4 dxc4 14. Na3 a6 15. Qc1
Bb7 16. Nc2 Nb6 17. Ne3 Nbd5 18. Nxd5 exd5 19. Re1 Qa5 20. a3 Ne4 21. Qc2 Nxc3
22. Qb2 Nxe2+ {TrogerEmma a perdu au temps} 0-1

[Event "Tournament 14471 - Europe Echecs"]
[Site "Europe Echecs"]
[Date "2020.07.09"]
[Round "1"]
[Time "14:05:03"]
[PlyCount "60"]
[White "CeroniArnaud"]
[Black "FadilNoah"]
[WhiteElo "1471"]
[BlackElo "1113"]
[Mode "WEB"]
[Result "1-0"]

1. Nf3 d5 2. c4 Nf6 3. cxd5 Qxd5 4. Nc3 Qd8 5. e4 Nc6 6. e5 Nd7 7. d4 f6 8. d5
Ncxe5 9. Nd4 Nc5 10. f4 Ng6 11. Qh5 c6 12. f5 Qxd5 13. Nxd5 cxd5 14. fxg6 Na6
15. gxh7+ Kd8 16. Bxa6 bxa6 17. Qxd5+ Ke8 18. Qxa8 Kd8 19. Nc6+ Kd7 20. Qxa7+
Kxc6 21. O-O e5 22. Be3 Rxh7 23. Rac1+ Kb5 24. Rfd1 f5 25. Rd5+ Kb4 26. a3+ Kb3
27. Qb8+ Ka2 28. Rd2 Bxa3 29. bxa3+ Kxa3 30. Ra1# {FadilNoah est échec et mat} 1-0

[Event "Tournament 14471 - Europe Echecs"]
[Site "Europe Echecs"]
[Date "2020.07.09"]
[Round "1"]
[Time "14:05:03"]
[PlyCount "68"]
[White "NegreMaxime"]
[Black "BagAyoub"]
[WhiteElo "1105"]
[BlackElo "1467"]
[Mode "WEB"]
[Result "1-0"]

1. e4 e6 2. d4 d5 3. exd5 exd5 4. Nc3 Nf6 5. Bg5 Be7 6. Nf3 O-O 7. Bd3 c6 8. h3
Be6 9. O-O Nbd7 10. Qd2 Bd6 11. Rfe1 Qc7 12. Re2 Rfe8 13. Rae1 a5 14. Ne5 c5 15.
Nxd7 Nxd7 16. dxc5 Nxc5 17. Nb5 Qb6 18. Nxd6 Qxd6 19. Bb5 Rec8 20. Qd4 h6 21.
Bh4 Rc7 22. Rd2 Qb6 23. Be2 Nd7 24. c3 Qxd4 25. Rxd4 Rac8 26. Red1 Nb6 27. Bf3
Rc4 28. Rxc4 Rxc4 29. Bd8 Rc6 30. Rd3 a4 31. b3 axb3 32. axb3 g6 33. b4 Rc8 34.
Bxb6 {BagAyoub a abandonné} 1-0

[Event "Tournament 14471 - Europe Echecs"]
[Site "Europe Echecs"]
[Date "2020.07.09"]
[Round "1"]
[Time "14:05:03"]
[PlyCount "68"]
[White "RavenelTangi"]
[Black "MoussaNicolas"]
[WhiteElo "1463"]
[BlackElo "1102"]
[Mode "WEB"]
[Result "1-0"]

1. c4 e5 2. Nc3 Nf6 3. g3 c6 4. Bg2 d5 5. cxd5 cxd5 6. d3 Bb4 7. a3 Ba5 8. Nf3
e4 9. dxe4 Nxe4 10. Qc2 d4 11. Qxe4+ Kf8 12. Qxd4 Qe7 13. Qd3 g6 14. Bh6+ Kg8
15. Rd1 Bf5 16. Qd4 f6 17. O-O Bb6 18. Qd2 Nc6 19. Nd5 Qd8 20. Qc3 Ba5 21. b4
Bc7 22. Nxf6+ Kf7 23. Rxd8 Rhxd8 24. b5 Ne7 25. Qxc7 Rac8 26. Qa5 Rc5 27. Qb4
Rcd5 28. Ng5+ Kxf6 29. Nf3 Rd1 30. Bg5+ Kg7 31. Qxe7+ Kg8 32. Bh6 Rxf1+ 33. Bxf1
Rc8 34. Qg7# {MoussaNicolas est échec et mat} 1-0

[Event "Tournament 14471 - Europe Echecs"]
[Site "Europe Echecs"]
[Date "2020.07.09"]
[Round "1"]
[Time "14:05:03"]
[PlyCount "65"]
[White "RoubaudLouisAl"]
[Black "NezosiConstant"]
[WhiteElo "1101"]
[BlackElo "1458"]
[Mode "WEB"]
[Result "0-1"]

1. d4 d5 2. Nf3 Nc6 3. c4 Nf6 4. cxd5 Nxd5 5. e3 Bf5 6. Bd3 Bxd3 7. Qxd3 Nf6 8.
Nc3 e6 9. O-O Bb4 10. Bd2 O-O 11. Rfe1 Bxc3 12. Bxc3 Re8 13. e4 Ne7 14. Rac1 c6
15. Bb4 a5 16. Bxe7 Qxe7 17. Ng5 h6 18. Nf3 Rad8 19. e5 Nd5 20. Re4 Nb4 21. Qd2
Nxa2 22. Rce1 Qb4 23. Qxb4 Nxb4 24. Rg4 Nd5 25. Rg3 Ne7 26. Re3 Nf5 27. Rxg7+
Kxg7 28. Rb3 b5 29. Ra3 a4 30. Rc3 Nxd4 31. Nxd4 Rxd4 32. Rxc6 Rd1# {RoubaudLouisAl est échec et mat} 0-1

[Event "Tournament 14471 - Europe Echecs"]
[Site "Europe Echecs"]
[Date "2020.07.09"]
[Round "1"]
[Time "14:05:03"]
[PlyCount "75"]
[White "PoussetRaphael"]
[Black "VivesClement"]
[WhiteElo "1452"]
[BlackElo "1101"]
[Mode "WEB"]
[Result "0-1"]

1. d4 d5 2. c4 Nf6 3. cxd5 Nxd5 4. Nf3 e6 5. e4 Nb6 6. Nc3 Bb4 7. Bd2 Nc6 8. a3
Bxc3 9. Bxc3 O-O 10. Be2 f6 11. O-O Re8 12. Qb3 Kh8 13. Rfd1 Qe7 14. d5 Na5 15.
Bxa5 exd5 16. Bb4 Qxe4 17. Bd3 Qg4 18. Re1 Bd7 19. h3 Qf4 20. Be2 Re6 21. Rad1
Ba4 22. Qd3 Bxd1 23. Rxd1 Rae8 24. Nd4 Nc4 25. Rb1 Re4 26. Bc3 c5 27. f3 Re3 28.
Qd2 Nxd2 29. Bxd2 cxd4 30. Bb5 R8e7 31. Rc1 h6 32. Bd3 g5 33. Rc8+ Kg7 34. Bxe3
Qxe3+ 35. Kh2 Qxd3 36. Rc1 Qe3 37. Rg1 Qf4+ {PoussetRaphael a perdu au temps} 0-1

[Event "Tournament 14471 - Europe Echecs"]
[Site "Europe Echecs"]
[Date "2020.07.09"]
[Round "1"]
[Time "14:05:03"]
[PlyCount "86"]
[White "BocheMathis"]
[Black "CastagnerolAmb"]
[WhiteElo "1099"]
[BlackElo "1451"]
[Mode "WEB"]
[Result "1-0"]

1. d4 e6 2. Nf3 d5 3. Bf4 Nf6 4. e3 c5 5. c3 Nc6 6. Bb5 cxd4 7. cxd4 Be7 8. O-O
O-O 9. Bxc6 bxc6 10. Nbd2 c5 11. Rc1 cxd4 12. Nxd4 Bb7 13. Nc6 Bxc6 14. Rxc6 Rc8
15. Qc2 Qd7 16. Rc1 Rxc6 17. Qxc6 Qd8 18. Qb7 a5 19. Rc7 Bd6 20. Bxd6 Qxd6 21.
h3 Ne4 22. Nxe4 dxe4 23. Rd7 Qc5 24. Rc7 Qd6 25. g3 g6 26. Qa7 Qd1+ 27. Kg2 Qf3+
28. Kg1 Rd8 29. Rc1 Rd1+ 30. Rxd1 Qxd1+ 31. Kh2 Qd2 32. Qb8+ Kg7 33. Qe5+ Kh6
34. Kg2 Qd7 35. Qxa5 Qb7 36. b4 Qd7 37. h4 Qd1 38. Qg5+ Kg7 39. Qf4 Qc2 40. b5
Qxa2 41. Qxe4 Qb3 42. Qc6 Qa4 43. Qc3+ {CastagnerolAmb a perdu au temps} 1-0

[Event "Tournament 14471 - Europe Echecs"]
[Site "Europe Echecs"]
[Date "2020.07.09"]
[Round "1"]
[Time "14:05:03"]
[PlyCount "72"]
[White "MendozaMael"]
[Black "MilaGabriel"]
[WhiteElo "1451"]
[BlackElo "1096"]
[Mode "WEB"]
[Result "1-0"]

1. e4 c5 2. Nf3 g6 3. d4 cxd4 4. Nxd4 Bg7 5. Bc4 Nc6 6. Be3 Nf6 7. Nc3 O-O 8.
O-O e6 9. Ndb5 a6 10. Nd6 b5 11. Bb3 Qc7 12. f4 Bb7 13. e5 Ne8 14. Nxb7 Qxb7 15.
Bc5 Rd8 16. Bxf8 Bxf8 17. Ne4 Be7 18. c3 Ng7 19. Nd6 Qb6+ 20. Kh1 Bxd6 21. Qxd6
Nf5 22. Qd2 d6 23. exd6 Nxd6 24. Qe2 Nf5 25. Rad1 Rxd1 26. Rxd1 a5 27. Bc2 Ne3
28. Rd3 Nxc2 29. Qxc2 Qc7 30. Qd2 Nb8 31. Rd8+ Kg7 32. Qd4+ f6 33. h3 e5 34.
fxe5 fxe5 35. Qd6 Qc4 36. Qf8# {MilaGabriel est échec et mat} 1-0

[Event "Tournament 14471 - Europe Echecs"]
[Site "Europe Echecs"]
[Date "2020.07.09"]
[Round "1"]
[Time "14:05:03"]
[PlyCount "60"]
[White "DumonteilDimit"]
[Black "OuaichaHadyan"]
[WhiteElo "1439"]
[BlackElo "1083"]
[Mode "WEB"]
[Result "1-0"]

1. e4 e5 2. Nf3 Nc6 3. Bb5 Nf6 4. O-O Bc5 5. d3 a6 6. Bxc6 dxc6 7. Nxe5 O-O 8.
h3 Re8 9. Nf3 Bd4 10. Nxd4 Qxd4 11. Nc3 h6 12. Be3 Qb4 13. Rb1 Qd6 14. Qf3 Qe5
15. Qf4 Qe7 16. Bd4 Rd8 17. Bxf6 Qxf6 18. Qxc7 Qe6 19. Qxd8+ Kh7 20. Qh4 Qg6 21.
Qg3 Qf6 22. f4 Qd4+ 23. Kh1 Be6 24. f5 Bd7 25. Ne2 Qb4 26. Nf4 Qd2 27. Qf2 Qa5
28. Nh5 Qxa2 29. Qg3 Qa5 30. Qxg7# {OuaichaHadyan est échec et mat} 1-0

[Event "Tournament 14471 - Europe Echecs"]
[Site "Europe Echecs"]
[Date "2020.07.09"]
[Round "1"]
[Time "14:05:03"]
[PlyCount "75"]
[White "CarobbioMaxime"]
[Black "YaghiLeen"]
[WhiteElo "1080"]
[BlackElo "1438"]
[Mode "WEB"]
[Result "0-1"]

1. d4 d5 2. Nc3 Nf6 3. Bf4 e6 4. e3 c5 5. Bd3 Nc6 6. Nge2 Be7 7. Qd2 O-O 8.
O-O-O cxd4 9. exd4 Bb4 10. a3 Ba5 11. Bb5 Ne4 12. Qe3 Nd6 13. Bxc6 bxc6 14. Qg3
Nf5 15. Qg4 Bc7 16. Bxc7 Qxc7 17. Ng3 Ne7 18. Nh5 Ng6 19. Ng3 Rb8 20. h4 e5 21.
Qf3 e4 22. Qe3 Qb7 23. b3 Qc7 24. h5 Nf4 25. h6 g6 26. Qe2 Re8 27. Qf1 Bg4 28.
f3 exf3 29. gxf3 Bd7 30. Nge2 Re3 31. Nxf4 Qxf4 32. Ne2 Rxe2+ 33. Kb1 Re3 34.
Rd3 Bf5 35. Rxe3 Qxe3 36. Qa6 Qxb3+ 37. Kc1 Qxc2# {CarobbioMaxime est échec et mat} 0-1

[Event "Tournament 14471 - Europe Echecs"]
[Site "Europe Echecs"]
[Date "2020.07.09"]
[Round "1"]
[Time "14:05:03"]
[PlyCount "90"]
[White "CombaudonCypri"]
[Black "SansoneAlessio"]
[WhiteElo "1437"]
[BlackElo "1075"]
[Mode "WEB"]
[Result "1-0"]

1. e4 e5 2. Nf3 Nf6 3. Nc3 Bb4 4. d3 Nc6 5. Bd2 d6 6. a3 Ba5 7. b4 Bb6 8. Be2 a5
9. b5 Nd4 10. a4 Bd7 11. O-O O-O 12. Ne1 c6 13. f4 Nxe2+ 14. Kh1 Nd4 15. fxe5
dxe5 16. Nf3 Bg4 17. h3 Bxf3 18. gxf3 Nh5 19. Rg1 Nxc2 20. Qxc2 Bxg1 21. Rxg1
Qh4 22. Kh2 Nf4 23. Bxf4 exf4 24. Qg2 Qg3+ 25. Qxg3 fxg3+ 26. Rxg3 Rad8 27. f4
f5 28. e5 Rd4 29. Ne2 Rxa4 30. bxc6 bxc6 31. d4 Ra2 32. Re3 Rb8 33. Kg3 Rbb2 34.
Nc3 Ra3 35. e6 Kf8 36. d5 Rbb3 37. d6 Rxc3 38. e7+ Ke8 39. d7+ Kxd7 40. e8=Q+
Kc7 41. Qe5+ Kb6 42. Rxc3 Rxc3+ 43. Qxc3 c5 44. Kf3 Kb5 45. Ke3 {SansoneAlessio a abandonné} 1-0

[Event "Tournament 14471 - Europe Echecs"]
[Site "Europe Echecs"]
[Date "2020.07.09"]
[Round "1"]
[Time "14:05:03"]
[PlyCount "45"]
[White "SwietlikNicola"]
[Black "ChevillonCelia"]
[WhiteElo "1065"]
[BlackElo "1433"]
[Mode "WEB"]
[Result "0-1"]

1. e4 e5 2. Nf3 Nc6 3. d4 exd4 4. Nxd4 Qf6 5. Nxc6 dxc6 6. Bd3 Bc5 7. O-O Be6 8.
Be3 Bxe3 9. fxe3 Qxb2 10. Nd2 Qb6 11. Qf3 Nf6 12. Rab1 Qa5 13. e5 Nd7 14. Nc4
Bxc4 15. Bxc4 O-O-O 16. Qxf7 Qxe5 17. Be6 Qxe3+ 18. Kh1 Qc3 19. Rbd1 Qxc2 20.
Bxd7+ Kb8 21. Qf8 Rhxf8 22. Rxf8 Rxf8 {SwietlikNicola a perdu au temps} 0-1

[Event "Tournament 14471 - Europe Echecs"]
[Site "Europe Echecs"]
[Date "2020.07.09"]
[Round "1"]
[Time "14:05:03"]
[PlyCount "92"]
[White "BeurierNathan"]
[Black "GerardKelian"]
[WhiteElo "1429"]
[BlackElo "1056"]
[Mode "WEB"]
[Result "1-0"]

1. e4 e6 2. d4 d5 3. Nc3 c5 4. Nf3 Nc6 5. Be3 Qb6 6. Qc1 cxd4 7. Na4 Qb4+ 8. Qd2
Qxa4 9. Nxd4 Bb4 10. c3 Bc5 11. Bb5 Qa5 12. b4 Qb6 13. bxc5 Qxc5 14. Bxc6+ bxc6
15. Nxe6 Qd6 16. Nxg7+ Kf8 17. Nf5 Bxf5 18. exf5 Nf6 19. O-O h5 20. Bd4 Ng4 21.
g3 Rg8 22. h3 Nf6 23. Qe3 Re8 24. Qh6+ Ke7 25. Rfe1+ Kd8 26. Qxf6+ Qxf6 27.
Bxf6+ Kc7 28. Rxe8 Rxe8 29. Kf1 Kd6 30. Re1 Rb8 31. Be5+ Kd7 32. Bxb8 f6 33. g4
h4 34. f4 Kc8 35. Bxa7 Kb7 36. Bd4 Kc7 37. Bxf6 c5 38. g5 Kd6 39. g6 d4 40. cxd4
cxd4 41. Bxd4 Kd5 42. g7 Kc4 43. g8=Q+ Kb4 44. Qc8 Ka3 45. Rb1 Kxa2 46. Qc2+ {GerardKelian a abandonné} 1-0

[Event "Tournament 14471 - Europe Echecs"]
[Site "Europe Echecs"]
[Date "2020.07.09"]
[Round "1"]
[Time "14:05:03"]
[PlyCount "113"]
[White "CourjalCharlot"]
[Black "MaziarzPierre"]
[WhiteElo "1055"]
[BlackElo "1424"]
[Mode "WEB"]
[Result "0-1"]

1. e4 c5 2. Nf3 e6 3. Nc3 a6 4. Bc4 b5 5. Be2 Bb7 6. d3 d5 7. exd5 exd5 8. d4 b4
9. Na4 c4 10. c3 a5 11. cxb4 axb4 12. b3 c3 13. Bb5+ Bc6 14. Qe2+ Qe7 15. Qxe7+
Bxe7 16. Bxc6+ Nxc6 17. Nb6 Rd8 18. O-O Nf6 19. Re1 O-O 20. Ne5 Nxe5 21. Rxe5
Bd6 22. Re2 Bc7 23. Na4 Rfe8 24. Rxe8+ Rxe8 25. Be3 Ng4 26. h3 Nxe3 27. fxe3
Rxe3 28. Nc5 Bg3 29. Kf1 Bd6 30. Kf2 Re8 31. a4 Bxc5 32. dxc5 Rc8 33. a5 Rxc5
34. a6 Rc8 35. a7 Ra8 36. Re1 Kf8 37. Rd1 Rxa7 38. Rxd5 Ra2+ 39. Ke1 Rb2 40.
Rd8+ Ke7 41. Rd3 Rxb3 42. Re3+ Kd6 43. Rd3+ Ke5 44. Re3+ Kd4 45. Re2 Rb1+ 46.
Kf2 Rb2 47. Rxb2 cxb2 48. g3 b1=Q 49. g4 Qc2+ 50. Kf3 b3 51. g5 Qe4+ 52. Kg3 b2
53. h4 b1=Q 54. h5 Qbd3+ 55. Kf2 Qee2+ 56. Kg1 Qdd1# {CourjalCharlot est échec et mat} 0-1

[Event "Tournament 14471 - Europe Echecs"]
[Site "Europe Echecs"]
[Date "2020.07.09"]
[Round "1"]
[Time "14:05:03"]
[PlyCount "54"]
[White "PiquardYarosla"]
[Black "GilliotCorenti"]
[WhiteElo "1415"]
[BlackElo "1051"]
[Mode "WEB"]
[Result "1-0"]

1. e4 c5 2. Nf3 Nc6 3. d4 cxd4 4. Nxd4 g6 5. Nc3 Bg7 6. Be3 e5 7. Nxc6 bxc6 8.
Bc4 Nf6 9. Qe2 Bb7 10. Rd1 O-O 11. O-O Qe7 12. h3 Rfd8 13. Bb3 a5 14. a4 Ba6 15.
Bc4 Bb7 16. Kh1 d5 17. exd5 cxd5 18. Bb5 d4 19. Bxd4 Nd5 20. Nxd5 Bxd5 21. Bb6
Rd6 22. Bc5 Qb7 23. Bxd6 Bxg2+ 24. Kh2 Bf3 25. Qe3 Bxd1 26. Rxd1 Re8 27. Bxe8 {GilliotCorenti a abandonné} 1-0

[Event "Tournament 14471 - Europe Echecs"]
[Site "Europe Echecs"]
[Date "2020.07.09"]
[Round "1"]
[Time "14:05:03"]
[PlyCount "153"]
[White "LemoalImran"]
[Black "DavtianArmen"]
[WhiteElo "1047"]
[BlackElo "1413"]
[Mode "WEB"]
[Result "0-1"]

1. e4 e6 2. d4 d5 3. e5 c5 4. Be3 cxd4 5. Bxd4 Nc6 6. Bb5 Bd7 7. Nf3 Nxe5 8.
Nxe5 Bxb5 9. Nc3 Ba6 10. Qf3 Nf6 11. g4 h6 12. h4 Bd6 13. Nd3 Bxd3 14. cxd3 Bb4
15. a3 Bd6 16. Nb5 Be7 17. Rc1 Qa5+ 18. Nc3 a6 19. Rg1 Nh7 20. Bxg7 Rg8 21. Bxh6
Bxh4 22. Bd2 Bg5 23. Nb1 Qb6 24. b4 Bxd2+ 25. Nxd2 Ng5 26. Qe3 Qxe3+ 27. fxe3
Kd7 28. Rh1 Rh8 29. Kf2 Rac8 30. Rxc8 Rxc8 31. Rh5 Rg8 32. Nf3 Nxf3 33. Kxf3 b5
34. Kf4 Ke7 35. Rh1 Rc8 36. d4 Rc3 37. Ra1 Rb3 38. Ra2 Kf6 39. Ra1 Kg6 40. Ra2
Kf6 41. Ra1 Ke7 42. Ra2 Rc3 43. Ra1 Kf6 44. a4 Rb3 45. g5+ Ke7 46. axb5 axb5 47.
Ra7+ Kf8 48. Ra8+ Kg7 49. Ke5 Rxb4 50. Rb8 Rb3 51. Kf4 b4 52. Kf3 Rb2 53. Rb5 b3
54. Rb4 Rb1 55. Ke2 b2 56. Kd2 Kg6 57. Kc2 Re1 58. Kxb2 Rxe3 59. Rb7 Rd3 60. Kc2
Rxd4 61. Kc3 Rg4 62. Kd3 Rxg5 63. Ke3 f5 64. Rb1 Kf6 65. Rf1 Ke5 66. Re1 Kf6 67.
Kd4 Rg4+ 68. Kd3 e5 69. Ra1 f4 70. Ra6+ Kf5 71. Ke2 Rg3 72. Ra4 e4 73. Rd4 Ke5
74. Rd1 f3+ 75. Kf2 Rg2+ 76. Ke3 Re2# {LemoalImran est échec et mat} 0-1

[Event "Tournament 14471 - Europe Echecs"]
[Site "Europe Echecs"]
[Date "2020.07.09"]
[Round "1"]
[Time "14:05:03"]
[PlyCount "73"]
[White "DecotteThomas"]
[Black "Cadilhacseffin"]
[WhiteElo "1409"]
[BlackElo "1045"]
[Mode "WEB"]
[Result "0-1"]

1. c4 e5 2. Nc3 Nf6 3. Nf3 Nc6 4. d4 e4 5. Ne5 Bd6 6. Nxc6 dxc6 7. Bg5 h6 8. Bh4
O-O 9. Nxe4 Be7 10. Nxf6+ Bxf6 11. Bxf6 Qxf6 12. e4 Qg6 13. Qf3 Re8 14. Bd3 Bg4
15. Qg3 Qh5 16. O-O Be2 17. Bxe2 Qxe2 18. Rfe1 Qxb2 19. Qxc7 Qxd4 20. Qxb7 Reb8
21. Qxc6 Kh7 22. Rad1 Qb2 23. h3 Qxa2 24. Rd7 f6 25. Qxf6 Rg8 26. Qf5+ Kh8 27.
Qg6 Qxc4 28. Re3 Qc8 29. Rf7 Qc1+ 30. Kh2 Qa1 31. Rg3 a5 32. f4 Rab8 33. e5 Rb1
34. Rg4 Rh1+ 35. Kg3 Qe1+ 36. Kf3 Rf1# {DecotteThomas est échec et mat} 0-1

[Event "Tournament 14471 - Europe Echecs"]
[Site "Europe Echecs"]
[Date "2020.07.09"]
[Round "1"]
[Time "14:05:03"]
[PlyCount "83"]
[White "DromardLila"]
[Black "PernotMael"]
[WhiteElo "1040"]
[BlackElo "1407"]
[Mode "WEB"]
[Result "0-1"]

1. e4 c5 2. Nc3 Nc6 3. Nf3 e6 4. d4 cxd4 5. Nxd4 Nf6 6. Nxc6 bxc6 7. Bg5 Be7 8.
Be2 Nxe4 9. Nxe4 Bxg5 10. Nxg5 Qxg5 11. O-O Bb7 12. Qd3 c5 13. Bf3 Bxf3 14. Qxf3
O-O 15. Rad1 d5 16. g3 h6 17. Qa3 c4 18. Rd4 Qe5 19. Rfd1 Rfd8 20. Qe7 Qd6 21.
Qh4 Rd7 22. Re1 Rb8 23. b3 cxb3 24. axb3 Rc8 25. c4 Qc5 26. Red1 Rcd8 27. Qf4
Qd6 28. Qe3 Qc5 29. Qc3 Qc6 30. h4 dxc4 31. bxc4 Rxd4 32. Rxd4 Rxd4 33. Qxd4 a6
34. f4 Qf3 35. Qd8+ Kh7 36. c5 Qxg3+ 37. Kf1 Qxf4+ 38. Ke2 Qc4+ 39. Ke3 Qxc5+
40. Ke4 Qd5+ 41. Qxd5 exd5+ {DromardLila a abandonné} 0-1

[Event "Tournament 14471 - Europe Echecs"]
[Site "Europe Echecs"]
[Date "2020.07.09"]
[Round "1"]
[Time "14:05:03"]
[PlyCount "24"]
[White "DecultotJacque"]
[Black "MolinesMartin"]
[WhiteElo "1404"]
[BlackElo "1033"]
[Mode "WEB"]
[Result "1-0"]

1. e4 e5 2. Nf3 Nc6 3. Bc4 Nf6 4. Ng5 d5 5. exd5 Na5 6. Bb5+ c6 7. dxc6 bxc6 8.
Qf3 Bb7 9. Ba4 Be7 10. b4 Nc4 11. Bxc6+ Nd7 12. Qxf7# {MolinesMartin est échec et mat} 1-0

[Event "Tournament 14471 - Europe Echecs"]
[Site "Europe Echecs"]
[Date "2020.07.09"]
[Round "1"]
[Time "14:05:03"]
[PlyCount "73"]
[White "GandrilleLubin"]
[Black "GhazaryanGurge"]
[WhiteElo "1024"]
[BlackElo "1403"]
[Mode "WEB"]
[Result "0-1"]

1. e4 c5 2. Bc4 d6 3. Nf3 Nf6 4. d3 g6 5. Nc3 Bg7 6. Bg5 O-O 7. O-O Nc6 8. d4
cxd4 9. Nxd4 Bg4 10. Qd2 Ne5 11. Be2 Bxe2 12. Ncxe2 Nxe4 13. Qe3 Nxg5 14. Qxg5
h6 15. Qd2 Nc4 16. Qd3 Nxb2 17. Qb3 Qb6 18. Qxb6 axb6 19. Rab1 Nc4 20. Nb5 Nd2
21. Rfd1 Nxb1 22. Rxb1 Rxa2 23. Nc7 Rxc2 24. Kf1 Rc8 25. Rc1 Rxc1+ 26. Nxc1 Rxc7
27. Ne2 b5 28. g3 b4 29. Ke1 b3 30. Kf1 b2 31. Kg2 b1=Q 32. h3 Qe1 33. Nf4 Rc2
34. Nd3 Qd2 35. Nf4 Qxf2+ 36. Kh1 Rc1# {GandrilleLubin est échec et mat} 0-1

[Event "Tournament 14471 - Europe Echecs"]
[Site "Europe Echecs"]
[Date "2020.07.09"]
[Round "1"]
[Time "14:05:03"]
[PlyCount "105"]
[White "MicheliElora"]
[Black "DuplanManuel"]
[WhiteElo "1394"]
[BlackElo "1020"]
[Mode "WEB"]
[Result "0-1"]

1. e4 e5 2. Bc4 Nc6 3. Nc3 Nf6 4. d3 Bc5 5. f4 d6 6. Nf3 O-O 7. f5 Ng4 8. Rf1
Ne3 9. Bxe3 Bxe3 10. Qe2 Bc5 11. O-O-O a6 12. h3 b5 13. Bd5 Bb7 14. g4 Kh8 15.
g5 Rb8 16. Qg2 Nb4 17. Bb3 Bc6 18. a3 a5 19. axb4 Bxb4 20. Nd5 Bc5 21. g6 fxg6
22. fxg6 h6 23. Nd2 a4 24. Ba2 Bxd5 25. Bxd5 b4 26. b3 axb3 27. Nxb3 Be3+ 28.
Kb2 Bf4 29. Rf3 Qd7 30. Ra1 c6 31. Bc4 d5 32. exd5 cxd5 33. Ba6 e4 34. dxe4 Be5+
35. Kb1 Bxa1 36. Nxa1 Rxf3 37. Qxf3 dxe4 38. Qxe4 Re8 39. Qxb4 Qa7 40. Bb5 Rb8
41. Nb3 Qb6 42. Nd4 Qxg6 43. Qc4 Qf6 44. Ka2 Ra8+ 45. Kb3 Rd8 46. Ne6 Qf3+ 47.
Kb2 Rb8 48. h4 Qh5 49. c3 Rxb5+ 50. Kc2 Qf5+ 51. Kd2 Rb2+ 52. Ke1 Qb1# {MicheliElora est échec et mat} 0-1

[Event "Tournament 14471 - Europe Echecs"]
[Site "Europe Echecs"]
[Date "2020.07.09"]
[Round "1"]
[Time "14:05:03"]
[PlyCount "131"]
[White "PechGuillaume"]
[Black "LeclercqRobin"]
[WhiteElo "1012"]
[BlackElo "1392"]
[Mode "WEB"]
[Result "0-1"]

1. e4 Nf6 2. Nc3 d5 3. exd5 Nxd5 4. d4 Nxc3 5. bxc3 Nc6 6. Nf3 Bg4 7. Bb5 Bd7 8.
O-O a6 9. Bc4 e6 10. Re1 Be7 11. d5 exd5 12. Bxd5 O-O 13. Bxc6 Bxc6 14. Qe2 Bf6
15. Qc4 Bxf3 16. gxf3 Qd7 17. Ba3 Rfd8 18. Rad1 Qf5 19. Rxd8+ Rxd8 20. Qxc7 h6
21. Be7 Qg5+ 22. Kf1 Re8 23. Bxf6 Rxe1+ 24. Kxe1 Qxf6 25. Qc8+ Kh7 26. Qc4 Qe5+
27. Qe4+ Qxe4+ 28. fxe4 Kg6 29. Ke2 Kf6 30. Ke3 Ke5 31. f3 g5 32. h3 f6 33. c4
b6 34. c3 h5 35. a3 h4 36. a4 a5 37. c5 bxc5 38. c4 f5 39. exf5 Kxf5 40. Kd3 Kf4
41. Ke2 Kg3 42. Ke3 Kxh3 43. Kf2 g4 44. fxg4 Kxg4 45. Kg1 Kf4 46. Kh2 Ke4 47.
Kh3 Kd4 48. Kxh4 Kxc4 49. Kg4 Kd4 50. Kf3 Kd3 51. Kf2 Kd2 52. Kf3 c4 53. Ke4 c3
54. Kd4 c2 55. Kc4 c1=Q+ 56. Kb5 Qb1+ 57. Kxa5 Kc3 58. Ka6 Kc4 59. a5 Kc5 60.
Ka7 Kc6 61. a6 Qb6+ 62. Ka8 Qxa6+ 63. Kb8 Qb6+ 64. Ka8 Qb1 65. Ka7 Qb7# {PechGuillaume est échec et mat} 0-1